000 01370cam a22003737a 4500
003 CHAP
005 20220817044037.0
008 050830d2000 mx r 00110 spa d
010 _a90821
011 _a91793
020 _a9688567485
035 _a102356
040 _cCHAP
082 0 4 _a338.972
_bG5
100 0 0 _aGuillén Romo, Arturo.
_951404
245 1 0 _aMéxico hacia el siglo XXI :
_bcrisis y modelo económico alternativo
_c/por Arturo Guillén Romo
260 _aMéxico, D.F. :
_bUnidad Autónoma Metropolitana, Unidad Istapalapa,
_c2000
300 _a319 p. :
_bgráfs.; cuadros.
590 _aBATCH-UPD
_b10
_c20130110
_lUCH01
_h1247
590 _aBATCH-UPD
_b10
_c20130410
_lUCH01
_h0811
590 _aBATCH-UPD
_b10
_c20130914
_lUCH01
_h1058
590 _aCONVERSION
_b10
_c20130109
_lUCH01
_h1350
650 1 4 _aCrisis económica.
_928975
650 1 4 _aEconomía.
_935226
650 1 4 _aInflación.
_958064
650 1 4 _aMéxico
_xCondiciones económicas.
650 1 4 _aPolítica económica.
901 _aBK
905 _aElisama A. H.
942 _cLIBRO
949 _a338.972 G5
_bBC
_cLIBRO
_d33724000979050
_eLIBRO
_fc.3
_gI.c/e
_h106416
_i102356
_si
_t$190.00
949 _a338.972 G5
_bBC
_cLIBRO
_d33724000979100
_eLIBRO
_fc.2
_gI.c/e
_h106415
_i102356
_si
_t$190.00
949 _a338.972 G5
_bBC
_cLIBRO
_d33724000979167
_eLIBRO
_gI.c/e
_h106414
_i102356
_si
_t$190.00
999 _c90821
_d90821